| 000 | 00771cam a2200253 a 4500 | ||
|---|---|---|---|
| 001 | 2468118 | ||
| 005 | 20180917033605.0 | ||
| 008 | 900226s1990 nyua b 001 0 eng | ||
| 010 | _a 90002991 | ||
| 020 |
_a0385260946 : _c$19.95 ($24.95 Can.) |
||
| 040 |
_aDLC _cDLC _dDLC |
||
| 041 | _aeng | ||
| 080 | _a658.4 SEN | ||
| 082 | 0 | 0 |
_a658.4 SEN _220 |
| 100 | 1 | _a53 | |
| 101 | _aMEN | ||
| 245 | 1 | 4 |
_aThe fifth discipline : _cPeter M. Senge. |
| 504 | _aIncludes bibliographical references (p. [391]-409) and index. | ||
| 740 | 0 | _aLearning organization. | |
| 740 | 0 | _a5th discipline. | |
| 906 |
_a7 _bcbc _corignew _d1 _eocip _f19 _gy-gencatlg |
||
| 942 |
_2ddc _cBK |
||
| 999 |
_c47825 _d47825 |
||